000 05502cam a22019454i 4500
003 PE-LiUPU
005 20250813165310.0
008 150720s2013 sp a rb 000 0 spa d
020 _a8473569563
020 _a9788473569569
035 _a(Sirsi) i9788473569569
040 _aSpMaBN
_bspa
_cSpMaBN
_dPE-LiUPU
_erdc
049 _aPRUA
082 0 4 _a658.8342
_bR94 2013
082 0 4 _a658.8342
_bR94
_223
100 1 _aRuiz de Maya, Salvador,
_eautor.
245 1 0 _aCasos de comportamiento del consumidor :
_breflexiones para la dirección de marketing /
_cSalvador Ruiz de Maya, Ildefonso Grande Esteban.
250 _aPrimera edición.
264 1 _aPozuelo de Alarcón, Madrid :
_bESIC Editorial,
_c2013.
300 _a359 páginas :
_bilustraciones ;
_c24 centímetros.
336 _atext
_2rdacontent
337 _aunmediated
_2rdamedia
338 _avolume
_2rdacarrier
490 0 _aLibros profesionales de empresa
504 _aIncluye referencias bibliográficas.
505 0 _aIntroducción al comportamiento del consumidor -- Influencias externas: cultura y clase social y su influencia sobre el Consumidor -- Motivación, habilidad y oportunidad --Exposición, atención y percepción -- Conocimiento y comprensión de la información.
526 _aP203
526 _aP200
526 _aSEG65
526 _aSEG64
526 _aSEG63
526 _aSEG62
526 _aSEG61
526 _aSEG60
526 _aSEG59
526 _aSEG58
526 _aSEG57
526 _aSEG56
526 _aSEG55
526 _aSEG54
526 _aSEG53
526 _aSEG52
526 _aSEG51
526 _aSEG50
526 _aSEG49
526 _aSEG48
526 _aSEG47
526 _aSEG46
526 _aSEG24
526 _aSEG23
526 _aSEG22
526 _aSEG21
526 _aSEG20
526 _aSEG19
526 _aSEG18
526 _aSEG17
526 _aSEG16
526 _aSEG14
526 _aSEG13
526 _aSEG12
526 _aSEG11
526 _aSEG10
526 _aSEG09
526 _aSEG06
526 _aSEG05
526 _aSEG04
526 _aSEG03
526 _aSEG02
526 _aSEG68
526 _aSEG66
526 _aSEG45
526 _aSEG25
526 _aSEG01
526 _aP163
526 _aP162
526 _aP161
526 _aP160
526 _aP159
526 _aP158
526 _aP157
526 _aP156
526 _aP155
526 _aP154
526 _aP153
526 _aP152
526 _aP151
526 _aP150
526 _aP149
526 _aP142
526 _aP141
526 _aP140
526 _aP139
526 _aP138
526 _aP137
526 _aP132
526 _aP131
526 _aP130
526 _aP126
526 _aP125
526 _aP124
526 _aP123
526 _aP115
526 _aP122
526 _aP121
526 _aP116
526 _a P114
526 _aP112
526 _aP111
526 _aP104
526 _aP103
526 _aP102
526 _aP101
526 _aP100
526 _aP96
526 _aP95
526 _aP93
526 _aP92
526 _aP91
526 _aP88
526 _aP83
526 _aP82
526 _aP79
526 _aP78
526 _aP75
526 _aP74
526 _aP71
526 _aP69
526 _a P51
526 _aP49
526 _aP48
526 _aP47
526 _aP33
526 _aP31
526 _a P30
526 _aP29
526 _aP27
526 _aP26
526 _aP25
526 _aP24
526 _a P22
526 _aP10
526 _aP09
526 _a P08
526 _aP06
526 _aP05
526 _aP04
526 _aP01
650 7 _aConsumidores
_xConducta.
_2embne
650 1 4 _aComportamiento del consumidor.
_94945
650 1 4 _aMarketing
_vEstudio de casos.
700 1 _aGrande Esteban, Ildefonso,
_d1954-,
_eautor.
910 _ajck
_cng
_d20140604
942 _2ddc
_cBOOK
949 _a658.8342 R94 2013
_wDEWEY
_c1
_iFJ01199
_d2016-11-16
_e2016-11-15
_lCCODEBUJ1
_mBUJ
_n1
_p19.00
_r0
_sY
_tBOOK
_u2016-7-21
_xFCE
_PP04
_0COMPRA
_o.STAFF. Colección General Juliaca
949 _a658.8342 R94
_wDEWEY
_c1
_i69885
_d2015-9-15
_e2015-9-14
_lCCODEBUL1
_mBUL
_n1
_p19.00
_r0
_sY
_tBOOK
_u2015-7-20
_xFCE
_PP04
_0COMPRA
_o.STAFF. Colección Ciencias Empresariales
949 _a658.8342 R94
_wDEWEY
_c2
_i69899
_lCCODEBUL1
_mBUL
_p19.00
_r0
_sY
_tBOOK
_u2015-7-20
_xFCE
_PP04
_0COMPRA
_o.STAFF. Colección Ciencias Empresariales
994 _aC0
_bPEPRU
596 _a1 3
999 _a658.8342 R94
_wDEWEY
_c6203
_i69885
_d6203
_e2019-2-26
_f2021-11-8
_g6
_lCCODEBUL1
_mBUL
_n2
_p19.00
_q3
_r0
_sY
_tBOOK
_u2015-7-20
_xFCE
_zP04
_0COMPRA
_o.STAFF. Colección Ciencias Empresariales
999 _a658.8342 R94
_wDEWEY
_c2
_i69899
_d2019-5-30
_f2021-11-8
_g6
_lCCODEBUL1
_mBUL
_p19.00
_q1
_r0
_sY
_tBOOK
_u2015-7-20
_xFCE
_zP04
_0COMPRA
_o.STAFF. Colección Ciencias Empresariales
999 _a658.8342 R94 2013
_wDEWEY
_c1
_iFJ01199
_d2018-11-12
_e2018-11-7
_f2022-2-1
_g4
_lCCODEBUJ1
_mBUJ
_n2
_p19.00
_q4
_r0
_sY
_tBOOK
_u2016-7-21
_xFCE
_PP04
_0COMPRA
_o.STAFF. Colección General Juliaca
980 _81
_gALBERTO SANCHEZ Responsable de Automatización